Govt. of
Madhya Pradesh

वस्‍तुनिष्‍ठ मध्‍यप्रदेश सामान्‍य ज्ञान 2021 (Record no. 63476)

MARC details
000 -LEADER
fixed length control field 00526nam a22001577a 4500
003 - CONTROL NUMBER IDENTIFIER
control field macl
005 - DATE AND TIME OF LATEST TRANSACTION
control field 20201003155215.0
008 - FIXED-LENGTH DATA ELEMENTS--GENERAL INFORMATION
fixed length control field 201003b xxu||||| |||| 00| 0 eng d
040 ## - CATALOGING SOURCE
Transcribing agency macl
082 ## - DEWEY DECIMAL CLASSIFICATION NUMBER
Classification number 001
100 ## - MAIN ENTRY--PERSONAL NAME
Personal name पी एस मीणा
9 (RLIN) 79936
245 ## - TITLE STATEMENT
Title वस्‍तुनिष्‍ठ मध्‍यप्रदेश सामान्‍य ज्ञान 2021
260 ## - PUBLICATION, DISTRIBUTION, ETC. (IMPRINT)
Place of publication, distribution, etc. इन्‍दौर
Name of publisher, distributor, etc. पुणेकर
650 ## - SUBJECT ADDED ENTRY--TOPICAL TERM
Topical term or geographic name as entry element सामान्‍य ज्ञान
9 (RLIN) 328
942 ## - ADDED ENTRY ELEMENTS (KOHA)
Source of classification or shelving scheme
Koha item type Hindi Books
Holdings
Withdrawn status Lost status Source of classification or shelving scheme Damaged status Not for loan Home library Current library Date acquired Cost, normal purchase price Total Checkouts Total Renewals Full call number Barcode Date last seen Date last checked out Price effective from Koha item type
          MACL MACL 03/10/2020 480.00 4   001 GCLC00915 21/03/2025 16/03/2025 03/10/2020 Hindi Books
          MACL MACL 03/10/2020 480.00 3   001 GCLC00914 11/10/2022 11/10/2022 03/10/2020 Hindi Books